000 00549nam a22002057a 4500
999 _c2635
_d2635
003 OSt
005 20210715101957.0
008 210715b ||||| |||| 00| 0 eng d
020 _a0716777266
040 _cALUPE UNIVERSITY
050 _aQA276
_b.M64 2008
100 _aMoore,David S.
245 _aThe basic practice of statistics
250 _a4th ed
260 _aNew York :
_bW.H. Freeman,
_c2008.
300 _axxix, 728 pg :
_bill ;
_c26 cm
_e+ 1 CD-ROM
500 _a Includes index.
650 _aStatistics.
942 _2lcc
_cBK
_nPW